Martinique City Quiz - Statistics

General Stats
  • This quiz has been taken 50 times
  • The average score is 3 of 7
Answer Stats
City % Correct
Fort-de-France
95%
Schoelcher
58%
Ducos
39%
Saint-Joseph
29%
Le Lamentin
26%
Le Robert
26%
Le Francois
24%
No matching quizzes found
Score Distribution
Percent of People with Each Score
Percentile by Number Answered
Your Score History
You have not taken this quiz